<?xml version='1.0' encoding='UTF-8'?>
  <record xmlns="http://www.loc.gov/MARC21/slim">
    <leader>00000ctm a2200000 a 4500</leader>
    <controlfield tag="001">ocn965408083</controlfield>
    <controlfield tag="003">OCoLC</controlfield>
    <controlfield tag="005">20250207184755.3</controlfield>
    <controlfield tag="008">150108q16291630xx            000 0 dut d</controlfield>
    <datafield tag="040" ind1=" " ind2=" ">
      <subfield code="a">QGJ</subfield>
      <subfield code="b">dut</subfield>
      <subfield code="c">QGJ</subfield>
      <subfield code="d">OCLCL</subfield>
      <subfield code="d">OCLCQ</subfield>
    </datafield>
    <datafield tag="035" ind1=" " ind2=" ">
      <subfield code="a">(OCoLC)965408083</subfield>
    </datafield>
    <datafield tag="100" ind1="1" ind2=" ">
      <subfield code="a">Booth, Abraham,</subfield>
      <subfield code="d">1606-1636,</subfield>
      <subfield code="e">author.</subfield>
      <subfield code="4">aut</subfield>
      <subfield code="1">https://id.oclc.org/worldcat/entity/E39PBJcKJWF98hXXHdFXcRfjG3</subfield>
    </datafield>
    <datafield tag="245" ind1="1" ind2="0">
      <subfield code="a">Journael van 't gepasseerde op mijne reijse in Engelant /</subfield>
      <subfield code="c">Abraham Booth.</subfield>
      <subfield code="f">UBU Hs. 1196 (Hs 5 L 22).</subfield>
    </datafield>
    <datafield tag="260" ind1=" " ind2=" ">
      <subfield code="c">[1629-1630].</subfield>
    </datafield>
    <datafield tag="300" ind1=" " ind2=" ">
      <subfield code="a">85 fol. :</subfield>
      <subfield code="b">ill. ;</subfield>
      <subfield code="c">146 x 175 (ca. 113 x 115) mm.</subfield>
    </datafield>
    <datafield tag="336" ind1=" " ind2=" ">
      <subfield code="a">text</subfield>
      <subfield code="b">txt</subfield>
      <subfield code="2">rdacontent</subfield>
    </datafield>
    <datafield tag="337" ind1=" " ind2=" ">
      <subfield code="a">unmediated</subfield>
      <subfield code="b">n</subfield>
      <subfield code="2">rdamedia</subfield>
    </datafield>
    <datafield tag="338" ind1=" " ind2=" ">
      <subfield code="a">volume</subfield>
      <subfield code="b">nc</subfield>
      <subfield code="2">rdacarrier</subfield>
    </datafield>
    <datafield tag="340" ind1=" " ind2=" ">
      <subfield code="a">Papier.</subfield>
    </datafield>
    <datafield tag="500" ind1=" " ind2=" ">
      <subfield code="a">Verslag van de reis die Abraham Booth maakte als secretaris van het gezantschap voor de zaken van de Oost-Indische Compagnie in 1629-1630.</subfield>
    </datafield>
    <datafield tag="500" ind1=" " ind2=" ">
      <subfield code="a">Oblong.</subfield>
    </datafield>
    <datafield tag="500" ind1=" " ind2=" ">
      <subfield code="a">Fol. 67v-84v: blanco.</subfield>
    </datafield>
    <datafield tag="500" ind1=" " ind2=" ">
      <subfield code="a">Illustaties: merendeels ingekleurde tekeningen o.a. van wapenschilden.</subfield>
    </datafield>
    <datafield tag="500" ind1=" " ind2=" ">
      <subfield code="a">Tussen fol. 62 en 63 is ingeplakt een gevouwen blad (283 x 166 (275 x 150) mm.) met een gedicht van Johan van Heemskerck ter ere van het huwelijk van Pieter Carpentier en Maria Ravevelt, Middelburg, 2 maart 1630.</subfield>
    </datafield>
    <datafield tag="500" ind1=" " ind2=" ">
      <subfield code="a">Voor gedrukte editie zie: A. Booth, Een dienaer der Oost-Indische Compagnie te Londen in 1629. Journael van Abram Booth en zijn descriptie van Engelandt. Uitg., ingel. en toegel. door A. Merens. 's-Gravenhage 1942. P. 53-146.</subfield>
    </datafield>
    <datafield tag="500" ind1=" " ind2=" ">
      <subfield code="a">Voor het vervolg zie: Abraham Booth, Journael van mijne reyse van Londen nae Plemouth en St. Ives in Cornwall ...</subfield>
    </datafield>
    <datafield tag="524" ind1=" " ind2=" ">
      <subfield code="a">Te citeren als: Universiteitsbibliotheek Utrecht Hs. 1196 (Hs 5 L 22).</subfield>
    </datafield>
    <datafield tag="563" ind1=" " ind2=" ">
      <subfield code="a">Perkamenten band.</subfield>
    </datafield>
    <datafield tag="581" ind1=" " ind2=" ">
      <subfield code="a">P.A. Tiele, Catalogus codicum manu scriptorum Bibliothecae Universitatis Rheno-Trajectinae. I. Trajecti ad Rhenum / Hagae Comitis 1887. P. 288.</subfield>
    </datafield>
    <datafield tag="581" ind1=" " ind2=" ">
      <subfield code="a">D.H. Smit, Johan van Heemskerck 1597-1656. Dissertatie Utrecht. Amsterdam 1933. Bijl. III, p. 195-197.</subfield>
    </datafield>
    <datafield tag="581" ind1=" " ind2=" ">
      <subfield code="a">A. Booth, 'A. Boot's journaal geschreven tijdens een verblijf in Engeland in 1628-1630'. Medegedeeld door D.H. Smit, in: Bijdragen en mededelingen van het Historisch Genootschap 57 (1936), p. 62-109. P. 65-109 (tekstuitgave).</subfield>
    </datafield>
    <datafield tag="581" ind1=" " ind2=" ">
      <subfield code="a">J.P. Lusardi &amp; H. Gras, 'Abram Booth's eyewitness account of the 1629 Lord Mayor's show', in: Shakespeare bulletin 11, 3 (1993), pp. 19-23. p. 19-23 (fol. 48v-50v).</subfield>
    </datafield>
    <datafield tag="581" ind1=" " ind2=" ">
      <subfield code="a">V.D. Roeper &amp; G.D.J. Wildeman, Reizen op papier. Journalen en reisverslagen van Nederlandse ontdekkingsreizigers, kooplieden en avonturiers. (= Jaarboek / Vereeniging Historisch Scheepvaart Museum te Amsterdam 1996, p. 96-97. p. 96.</subfield>
    </datafield>
    <datafield tag="581" ind1=" " ind2=" ">
      <subfield code="a">A. Saunders &amp; J. Scofield, Tudor London. A map and a view. Ed. by A. Saunders &amp; J. Schofield. London 2001. (= London Topographical Society Publication 159). P. 35, 55.</subfield>
    </datafield>
    <datafield tag="581" ind1=" " ind2=" ">
      <subfield code="a">T. Hill, Pageantry and power. A cultural history of the early modern Lord Mayor's Show, 1585-1639. Manchester/New York 2010. P. 120-126, p. [345], afb.6 (fol. 50r.) op p. 123 , afb. 7 (fol. 50v.) op p.124, afb. 8 (fol. 49v.) op p. 125, afb. 12 (fol. 48v.) op p. 164.</subfield>
    </datafield>
    <datafield tag="600" ind1="1" ind2="4">
      <subfield code="a">Booth, Abraham,</subfield>
      <subfield code="d">1606-1636.</subfield>
    </datafield>
    <datafield tag="655" ind1=" " ind2="7">
      <subfield code="a">Handschriften (vorm)</subfield>
      <subfield code="0">(NL-LeOCL)088143309.</subfield>
      <subfield code="2">gtt</subfield>
    </datafield>
    <datafield tag="700" ind1="1" ind2=" ">
      <subfield code="a">Heemskerck, Johan van.</subfield>
      <subfield code="e">contributor.</subfield>
      <subfield code="4">ctb</subfield>
    </datafield>
    <datafield tag="700" ind1="1" ind2=" ">
      <subfield code="a">Carpentier, Pieter,</subfield>
      <subfield code="4">hnr</subfield>
      <subfield code="5">NL-UtRU</subfield>
      <subfield code="d">1589-1659.</subfield>
      <subfield code="e">honoree.</subfield>
    </datafield>
    <datafield tag="700" ind1="1" ind2=" ">
      <subfield code="a">Ravevelt, Maria van.</subfield>
      <subfield code="e">honoree.</subfield>
      <subfield code="4">hnr</subfield>
    </datafield>
    <datafield tag="710" ind1="2" ind2=" ">
      <subfield code="a">Archief der Provincie Utrecht (Utrecht)</subfield>
      <subfield code="e">former owner.</subfield>
      <subfield code="4">fmo</subfield>
    </datafield>
    <datafield tag="856" ind1="4" ind2="1">
      <subfield code="u">http://objects.library.uu.nl/reader/resolver.php?obj=002645487&amp;type=2</subfield>
      <subfield code="x">Online</subfield>
      <subfield code="z">Full text</subfield>
    </datafield>
    <datafield tag="936" ind1=" " ind2=" ">
      <subfield code="a">BATCHLOAD</subfield>
    </datafield>
  </record>